Azərbaycanın milli muzeyləri və mədəni turizm potensialı (Record no. 393)
[ view plain ]
| 000 -LEADER | |
|---|---|
| fixed length control field | 01978nam a2200349 4500 |
| 003 - CONTROL NUMBER IDENTIFIER | |
| control field | OSt |
| 005 - DATE AND TIME OF LATEST TRANSACTION | |
| control field | 20260508081454.0 |
| 008 - FIXED-LENGTH DATA ELEMENTS--GENERAL INFORMATION | |
| fixed length control field | 260508b |||||||| |||| 00| 0 aze d |
| 040 ## - CATALOGING SOURCE | |
| Original cataloging agency | AZ-XaKU |
| Transcribing agency | AZ-XaKU |
| Language of cataloging | aze |
| 041 0# - LANGUAGE CODE | |
| Language code of text/sound track or separate title | aze |
| 050 14 - LIBRARY OF CONGRESS CALL NUMBER | |
| Classification number | G155 .B114 2024 |
| 100 1# - MAIN ENTRY--PERSONAL NAME | |
| Personal name | Babayeva, Səbinə, |
| Relator term | müəllif. |
| 245 1# - TITLE STATEMENT | |
| Title | Azərbaycanın milli muzeyləri və mədəni turizm potensialı |
| Statement of responsibility, etc. | / Səbinə Babayeva ; elmi redaktor Cəfər Cəfərov ; rəyçilər Günay Qafarova, Səyavuş Məhişov, Nailə Musayeva |
| 264 ## - PRODUCTION, PUBLICATION, DISTRIBUTION, MANUFACTURE, AND COPYRIGHT NOTICE | |
| Place of production, publication, distribution, manufacture | Bakı: |
| Name of producer, publisher, distributor, manufacturer | Mütərcim, |
| Date of production, publication, distribution, manufacture, or copyright notice | 2024. |
| 300 ## - PHYSICAL DESCRIPTION | |
| Extent | 152 səhifə; |
| Dimensions | 21.5 sm. |
| 336 ## - CONTENT TYPE | |
| Content type term | text |
| Content type code | txt |
| Source | rdacontent |
| 337 ## - MEDIA TYPE | |
| Media type term | unmediated |
| Media type code | n |
| Source | rdamedia |
| 338 ## - CARRIER TYPE | |
| Carrier type term | volume |
| Carrier type code | nc |
| Source | rdacarrier |
| 500 ## - GENERAL NOTE | |
| General note | Azərbaycan Turizm və Menecment Universiteti Elmi Şurasının 29.12.2023-cü il tarixli iclasının qərarı ilə (pr.№4) çapa tövsiyə edilmişdir. |
| 504 ## - BIBLIOGRAPHY, ETC. NOTE | |
| Bibliography, etc. note | Ədəbiyyat siyahısı: s. 131-144 |
| 505 0# - Formatted Contents Note | |
| Formatted contents note | Giriş -- I fəsil. Mədəni turizm və onun müasir turizm bazarında yeri -- II fəsil. Müasir turizm fəaliyyətində muzeylərin rolu -- III fəsil. Azərbaycanda milli muzeylərin turizmin inkişafına təsiri. |
| 520 0# - SUMMARY, ETC. | |
| Summary, etc. | Monoqrafiyada milli muzeylərin mədəni turizm baxımından təbliği, dünyanın aparıcı muzeylərinin təcrübəsinin tətbiq edilməsi, bu sahədə mövcud olan problemlər və onların həlli yolları işıqlandırılır. |
| 521 ## - TARGET AUDIENCE NOTE | |
| Target audience note | Monoqrafiya muzey və turizm sahəsi üzrə alimlər və mütəxəssislər, sənətşünaslar, muzey işçiləri, muzey və turizm ixtisası üzrə təhsil alan bakalavrlar, magistrlar. doktorantlar üçün əhəmiyyətli bir vəsaitdir. |
| 650 #7 - SUBJECT ADDED ENTRY--TOPICAL TERM | |
| Source of heading or term | AZ-XaKU |
| Topical term or geographic name entry element | Muzeyşünaslıq |
| 655 ## - INDEX TERM--GENRE/FORM | |
| Source of term | Az-XaKU |
| Genre/form data or focus term | Monoqrafiya |
| 700 1# - ADDED ENTRY--PERSONAL NAME | |
| Personal name | Cəfərov, Cəfər, |
| Relator term | elmi redaktor. |
| 700 1# - ADDED ENTRY--PERSONAL NAME | |
| Personal name | Qafarova, Günay, |
| Relator term | rəyçi. |
| 700 1# - ADDED ENTRY--PERSONAL NAME | |
| Personal name | Məhişov, Səyavuş, |
| Relator term | rəyçi. |
| 700 1# - ADDED ENTRY--PERSONAL NAME | |
| Personal name | Musayeva, Nailə, |
| Relator term | rəyçi. |
| 942 ## - ADDED ENTRY ELEMENTS (KOHA) | |
| Koha item type | Book |
No items available.